| 000 | 01242cam a2200313 a 4500 | ||
|---|---|---|---|
| 999 |
_c529527 _d529527 |
||
| 001 | 3562117 | ||
| 003 | NUST | ||
| 005 | 20190927111652.0 | ||
| 008 | 980803s1999 nyu b 000 0 eng | ||
| 010 | _a 98039566 | ||
| 020 | _a0521621208 | ||
| 038 | _awaseem | ||
| 040 |
_aDLC _cDLC _dDLC |
||
| 050 | 0 | 0 |
_aBF39 _b.M545 1999 |
| 082 | 0 | 0 |
_a150.287 _bMIC |
| 100 | 1 |
_aMichell, Joel. _921761 |
|
| 245 | 1 | 0 |
_aMeasurement in psychology : _bcritical history of a methodological concept / _cJoel Michell. |
| 260 |
_aNew York : _bCambridge University Press, _cc1999. |
||
| 300 |
_axvi, 246 p. ; _c25 cm. |
||
| 440 | 0 |
_aIdeas in context _921762 |
|
| 504 | _aIncludes bibliographical references (p. 224-242). | ||
| 650 | 0 |
_aPsychometrics _xHistory. _921763 |
|
| 650 | 0 |
_aPsychology _xMethodology _xHistory. _921764 |
|
| 856 | 4 | 2 |
_3Publisher description _uhttp://www.loc.gov/catdir/description/cam029/98039566.html |
| 856 | 4 | 1 |
_3Table of contents _uhttp://www.loc.gov/catdir/toc/cam022/98039566.html |
| 906 |
_a7 _bcbc _corignew _d1 _eocip _f19 _gy-gencatlg |
||
| 942 |
_2ddc _cBK |
||